Alimentación y oceanografía (Record no. 72362)

MARC details
000 -LEADER
campo de control de longitud fija 00659nam a2200181 i 4500
001 - NÚMERO DE CONTROL
campo de control 72362
003 - IDENTIFICADOR DE NÚMERO DE CONTROL
campo de control ES-MaACL
005 - FECHA Y HORA DE LA ÚLTIMA TRANSACCIÓN
campo de control 20250813234823.0
007 - CAMPO FIJO DE DESCRIPCIÓN FÍSICA--INFORMACIÓN GENERAL
campo de control de longitud fija t|
008 - DATOS DE LONGITUD FIJA--INFORMACIÓN GENERAL
campo de control de longitud fija 040831s1922 sp |||| | spa d
100 1# - ENTRADA PRINCIPAL--NOMBRE DE PERSONA
Nombre de persona Giral, José,
Fechas asociadas al nombre 1879-1962
9 (RLIN) 57181
245 10 - MENCIÓN DEL TÍTULO
Título Alimentación y oceanografía
Resto del título : conferencia dada en San Sebastián... con motivo de las fiestas de Juan Sebastián del Cano, en septiembre de 1922 /
Mención de responsabilidad, etc. José Giral.
260 ## - PUBLICACIÓN, DISTRIBUCIÓN, ETC.
Lugar de publicación, distribución, etc. [San Sebastián :
Nombre del editor, distribuidor, etc. Sociedad Oceanográfica de Guipúzcoa],
Fecha de publicación, distribución, etc. 1922 (
Fabricante Tip. Baroja)
300 ## - DESCRIPCIÓN FÍSICA
Extensión 19 p. ;
Dimensiones 24 cm.
650 07 - PUNTO DE ACCESO ADICIONAL DE MATERIA--TÉRMINO DE MATERIA
Término de materia o nombre geográfico como elemento de entrada Alimentos
Fuente del encabezamiento o término embne
9 (RLIN) 9730
852 ## - LOCALIZACIÓN
Ubicación ES-MaACL
Número de control de estantería 1664-F-14
Holdings
Estatus retirado Estado de pérdida Estado de daño No para préstamo Colección Biblioteca de origen Biblioteca actual Ubicación en estantería Fecha de adquisición Fuente de adquisición Total de préstamos Signatura topográfica completa Código de barras Visto por última vez Precio de reemplazo Tipo de ítem Koha
        Colección de folletos Biblioteca del Ateneo de Madrid Biblioteca del Ateneo de Madrid Depósito folletos 17/01/2008     1664-F-14 1075757 23/02/2023 23/02/2023 Folleto